000 00228nam a2200097 a 4500
005 20140414132050.0
008 110330s19uu xx 00 eng d
050 _aP
_bFOU
245 _aFour major types of family.
999 _c114136
_d114136